[Event "PRO League Group Stage"]
[Site "chess.com INT"]
[Date "2018.02.04"]
[Round "4"]
[White "Stefansson, Hannes"]
[Black "Tari, Aryan"]
[Result "0-1"]
[WhiteTitle "GM"]
[BlackTitle "GM"]
[WhiteElo "2523"]
[BlackElo "2599"]
[WhiteTeam "Reykjavik Puffins"]
[BlackTeam "Norway Gnomes"]
[WhiteFideId "2300087"]
[BlackFideId "1510045"]
[EventDate "2018.01.18"]

1. e4 e5 2. Nf3 Nc6 3. Bb5 a6 4. Ba4 Nf6 5. O-O Be7 6. Re1 b5 7. Bb3 d6 8. c3
O-O 9. h3 Na5 10. Bc2 c5 11. d4 Qc7 12. Nbd2 Bd7 13. Nf1 Nc4 14. a4 cxd4 15.
cxd4 Rfc8 16. Re2 bxa4 17. Bxa4 Bxa4 18. Qxa4 Qb7 19. Ng3 g6 20. Bg5 Nxb2 21.
Rb1 Nxa4 22. Rxb7 Bd8 23. dxe5 Nc5 24. Rb1 dxe5 25. Rd1 Nfd7 26. Bxd8 Rxd8 27.
Red2 f6 28. Nh2 Kf7 29. Ng4 Ke7 30. Ne3 Nb6 31. Nd5+ Nxd5 32. exd5 Kd6 33. Ne2
Rdb8 34. f4 e4 35. f5 g5 36. Rc2 Rb6 37. Rdc1 Nd3 38. Rc6+ Rxc6 39. Rxc6+ Kxd5
40. Rxf6 a5 41. Re6 a4 42. Nc3+ Kd4 43. Nb5+ Ke3 44. Nc3 Nc5 45. Rc6 Kd4 46.
Nb5+ Kd5 47. Rd6+ Kc4 48. Nc7 Rb8 49. Rd1 Nd3 50. Ra1 Kb3 51. f6 a3 52. Ne6 Kb2
53. Rxa3 Kxa3 54. f7 e3 0-1

[Event "PRO League Group Stage"]
[Site "chess.com INT"]
[Date "2018.02.04"]
[Round "4"]
[White "Stefansson, Hannes"]
[Black "Swapnil, S. Dhopade"]
[Result "1/2-1/2"]
[WhiteTitle "GM"]
[BlackTitle "GM"]
[WhiteElo "2523"]
[BlackElo "2533"]
[WhiteTeam "Reykjavik Puffins"]
[BlackTeam "Mumbai Movers"]
[WhiteFideId "2300087"]
[BlackFideId "5019184"]
[EventDate "2018.01.18"]

1. e4 c6 2. d4 d5 3. Nd2 dxe4 4. Nxe4 Bf5 5. Ng3 Bg6 6. h4 h6 7. Nf3 Nd7 8. h5
Bh7 9. Bd3 Bxd3 10. Qxd3 e6 11. Bd2 Ngf6 12. O-O-O Be7 13. Kb1 O-O 14. Ne4 Nxe4
15. Qxe4 Nf6 16. Qe2 Qd5 17. Ne5 Qe4 18. Qxe4 Nxe4 19. Be3 Rfd8 20. g4 Bf6 21.
f3 Nd6 22. f4 Be7 23. Rhe1 Ne4 24. c4 a5 25. Bc1 Nf2 26. Rd2 Bb4 27. Ree2 Bxd2
28. Bxd2 f6 29. Rxf2 fxe5 30. dxe5 Rd4 31. b3 a4 32. Kb2 Re4 33. Bb4 axb3 34.
axb3 b5 35. Kc3 bxc4 36. bxc4 Re1 37. Kd4 Rc1 38. f5 exf5 39. gxf5 Kf7 40. f6
Rd1+ 41. Kc5 Re8 42. fxg7+ Kxg7 43. Kxc6 Rc1 44. Kd5 Rd1+ 45. Kc6 Rc1 46. Bd6
Rxc4+ 47. Kd7 Rcc8 48. Rg2+ Kh7 49. Be7 Rg8 50. Rxg8 Rxg8 51. e6 Rg1 52. Bc5
Rd1+ 53. Bd6 Kg7 54. e7 Re1 55. e8=Q Rxe8 56. Kxe8 Kf6 57. Bf4 Kf5 58. Bxh6 Kg4
59. Bg5 Kxh5 1/2-1/2

[Event "PRO League Group Stage"]
[Site "chess.com INT"]
[Date "2018.02.04"]
[Round "4"]
[White "Tran, Tuan Minh"]
[Black "Melkumyan, Hrant"]
[Result "1-0"]
[WhiteTitle "GM"]
[BlackTitle "GM"]
[WhiteElo "2548"]
[BlackElo "2654"]
[WhiteTeam "London Lions"]
[BlackTeam "Armenia Eagles"]
[WhiteFideId "12401820"]
[BlackFideId "13302485"]
[EventDate "2018.01.18"]

1. d4 Nf6 2. c4 g6 3. Nc3 Bg7 4. e4 d6 5. Bd3 O-O 6. Nge2 c5 7. d5 e6 8. O-O
exd5 9. exd5 Nbd7 10. Bc2 Re8 11. h3 a6 12. Bf4 Ne5 13. b3 b5 14. cxb5 axb5 15.
Nxb5 Nh5 16. Be3 Ba6 17. Nec3 f5 18. Bxf5 gxf5 19. Qxh5 Ng6 20. Qxf5 Qa5 21.
Nxd6 Re7 22. Nce4 Rf8 23. Qg4 Bxf1 24. Rxf1 Qxa2 25. Nf5 Ref7 26. Nxg7 Rxg7 27.
Bh6 Qxb3 28. Bxg7 Kxg7 29. Nxc5 1-0

[Event "PRO League Group Stage"]
[Site "chess.com INT"]
[Date "2018.02.04"]
[Round "4"]
[White "Sadhwani, Raunak"]
[Black "Porper, Edward"]
[Result "1-0"]
[WhiteTitle "FM"]
[BlackTitle "IM"]
[WhiteElo "2321"]
[BlackElo "2377"]
[WhiteTeam "Mumbai Movers"]
[BlackTeam "London Lions"]
[WhiteFideId "35093487"]
[BlackFideId "2801604"]
[EventDate "2018.01.18"]

1. e4 e6 2. d4 d5 3. Nd2 dxe4 4. Nxe4 Bd7 5. Nf3 Bc6 6. Bd3 Nd7 7. Qe2 Ngf6 8.
Neg5 h6 9. Nxe6 fxe6 10. Bg6+ Ke7 11. O-O Bxf3 12. Qxf3 c6 13. Re1 Qa5 14. Bf4
Qd5 15. Qh3 Kd8 16. Rxe6 Bb4 17. c3 Nf8 18. Re5 Nxg6 19. Rxd5+ Nxd5 20. Be5 Be7
21. Bxg7 Rh7 22. Be5 Nxe5 23. dxe5 Kc7 24. c4 Nb6 25. Rd1 Rf8 26. e6 Rg7 27.
Qxh6 Rfg8 28. g3 Bg5 29. Qh5 Nxc4 30. Qe2 Nd6 31. Qe5 Be7 32. f4 Rh7 33. Kg2 Rf8
34. h4 Rf5 35. Qc3 Rh6 36. Re1 Rg6 37. Kf3 Rd5 38. Re5 Bf6 39. Qc2 Bxe5 40. Qxg6
Bxb2 41. h5 Nf5 42. Qf7+ Kb6 43. e7 Nxe7 44. Qxe7 Rxh5 45. Qe3+ Kc7 46. Qb3 Rb5
47. Qf7+ Kb6 48. g4 Bd4 49. g5 a5 50. g6 Rb2 51. g7 Bxg7 52. Qxg7 Rxa2 53. f5 a4
54. f6 Ra1 55. f7 Rf1+ 56. Ke2 1-0

[Event "PRO League Group Stage"]
[Site "chess.com INT"]
[Date "2018.02.04"]
[Round "4"]
[White "Connell, Blair N"]
[Black "Abdrlauf, Elham"]
[Result "1-0"]
[WhiteElo "2234"]
[BlackElo "2073"]
[WhiteTeam "London Towers"]
[BlackTeam "Norway Gnomes"]
[WhiteFideId "403725"]
[BlackFideId "1533533"]
[EventDate "2018.01.18"]

1. e4 c5 2. Nf3 Nc6 3. Bb5 d6 4. O-O g6 5. h3 Bg7 6. Re1 Bd7 7. c3 Nf6 8. d4
cxd4 9. cxd4 O-O 10. Nc3 a6 11. Bd3 e5 12. dxe5 dxe5 13. Bc4 Rc8 14. Nd5 Nxd5
15. Bxd5 Qc7 16. Be3 Rcd8 17. Rc1 Be6 18. Qb3 Bd7 19. Bb6 Qd6 20. Bxd8 Nxd8 21.
Red1 Qe7 22. Bxb7 Bxh3 23. gxh3 Nxb7 24. Qb6 Nd8 25. Qd6 Qb7 26. Qxd8 Rxd8 27.
Rxd8+ Bf8 28. Rcc8 Qxe4 29. Rxf8+ Kg7 30. Rxf7+ Kh6 31. Rxh7+ Kxh7 32. Ng5+ 1-0

[Event "PRO League Group Stage"]
[Site "chess.com INT"]
[Date "2018.02.04"]
[Round "4"]
[White "Sadhwani, Raunak"]
[Black "Maurizzi, Marc Andria"]
[Result "1-0"]
[WhiteTitle "FM"]
[BlackTitle "CM"]
[WhiteElo "2321"]
[BlackElo "2018"]
[WhiteTeam "Mumbai Movers"]
[BlackTeam "Marseille Migraines"]
[WhiteFideId "35093487"]
[BlackFideId "36083534"]
[EventDate "2018.01.18"]

1. e4 c5 2. Nf3 Nc6 3. d4 cxd4 4. Nxd4 Nf6 5. Nc3 e5 6. Ndb5 d6 7. Nd5 Nxd5 8.
exd5 Nb8 9. Qf3 Be7 10. Qc3 Na6 11. Be3 O-O 12. Nxa7 f5 13. Bxa6 bxa6 14. Nc6
Qe8 15. O-O-O f4 16. Bb6 Bb7 17. Nxe7+ Qxe7 18. Qc7 Qxc7 19. Bxc7 Rf6 20. b3 Rc8
21. Bb6 Kf7 22. c4 Ke7 23. Kb2 Kd7 24. Rd2 Rb8 25. Ba5 Bc8 26. Bc3 Kc7 27. c5
Bf5 28. Re1 Re8 29. Rde2 Rg6 30. cxd6+ Kxd6 31. Rxe5 Rxe5 32. Rxe5 Bd7 33. g3
fxg3 34. hxg3 Rf6 35. f4 Rg6 36. Bb4+ Kc7 37. Re3 h5 38. Kc3 h4 39. gxh4 Rg4 40.
Kd4 Rxf4+ 41. Kc5 Rf2 42. Ba5+ Kc8 43. a4 Rf4 44. Kd6 Rf6+ 45. Ke7 Bf5 46. Rc3+
Kb8 47. Re3 Bc8 48. d6 Rf5 49. Bc7+ Kb7 50. d7 Bxd7 51. Kxd7 Rd5+ 52. Bd6 Rd4
53. h5 Rh4 54. Re5 Rh3 55. Rg5 Kb6 56. b4 a5 57. Rb5+ Ka7 58. Rxa5+ Kb7 59. Rg5
Ka8 60. b5 Kb7 61. a5 Rb3 62. a6+ Kb6 63. a7 Kxa7 64. Bc5+ Kb7 65. b6 Rh3 66.
Kd6 Rd3+ 67. Rd5 Rh3 68. Ke7 Kc6 69. Rg5 Rf3 70. Bd4 Rd3 71. Bxg7 Kxb6 72. h6
Re3+ 73. Re5 Rh3 74. Kf7 Kc6 75. Kg8 Kd6 76. h7 Rg3 77. h8=Q 1-0

[Event "PRO League Group Stage"]
[Site "chess.com INT"]
[Date "2018.02.04"]
[Round "4"]
[White "Sadhwani, Raunak"]
[Black "Bordi, Kevin"]
[Result "1/2-1/2"]
[WhiteTitle "FM"]
[WhiteElo "2321"]
[BlackElo "2282"]
[WhiteTeam "Mumbai Movers"]
[BlackTeam "Cannes Blockbusters"]
[WhiteFideId "35093487"]
[BlackFideId "621862"]
[EventDate "2018.01.18"]

1. e4 d5 2. exd5 Qxd5 3. Nc3 Qa5 4. d4 Nf6 5. Bd2 c6 6. Bc4 Qc7 7. Nge2 Bf5 8.
Bf4 Qb6 9. Bb3 e6 10. Qd2 Bb4 11. a3 Be7 12. h3 Nbd7 13. O-O O-O 14. Bc4 Qd8 15.
Rad1 Nb6 16. Bd3 Bg6 17. Bxg6 hxg6 18. Qd3 Qd7 19. Be5 Rad8 20. Bxf6 Bxf6 21.
Ne4 Qd5 22. b3 Be7 23. c4 Qh5 24. N2g3 Qh4 25. Qc3 Nd7 26. Rfe1 Nf6 27. b4 Rd7
28. Nxf6+ Bxf6 29. Re4 Qh6 30. Ne2 Rfd8 31. Rd3 Qh5 32. Ng3 Qh6 33. Kh2 b6 34.
c5 b5 35. f4 Rd5 36. Ne2 g5 37. fxg5 Qxg5 38. Rg3 Qh6 39. Qf3 Rf5 40. Qg4 Rg5
41. Qf3 Rf5 42. Qg4 Rd7 43. Rf3 Rxf3 44. Qxf3 Rd5 45. Rg4 Kh8 1/2-1/2

[Event "PRO League Group Stage"]
[Site "chess.com INT"]
[Date "2018.02.04"]
[Round "4"]
[White "Sadhwani, Raunak"]
[Black "Agrest, Inna"]
[Result "1-0"]
[WhiteTitle "FM"]
[BlackTitle "WIM"]
[WhiteElo "2321"]
[BlackElo "2280"]
[WhiteTeam "Mumbai Movers"]
[BlackTeam "Stockholm Snowballs"]
[WhiteFideId "35093487"]
[BlackFideId "1708830"]
[EventDate "2018.01.18"]

1. e4 e5 2. Nf3 Nc6 3. Bc4 Nf6 4. d3 Bc5 5. O-O a6 6. c3 Ba7 7. Re1 d6 8. Nbd2
O-O 9. Bb3 Nh5 10. Nf1 Qf6 11. Be3 Nf4 12. Bxa7 Rxa7 13. Ne3 Ne7 14. g3 Nh3+ 15.
Kg2 c6 16. d4 Ng6 17. dxe5 dxe5 18. Bc2 b5 19. Nf5 Ng5 20. Nxg5 Qxg5 21. h4 Qf6
22. Qf3 Bxf5 23. exf5 Ne7 24. Qe4 Rd8 25. Qxe5 Qxe5 26. Rxe5 Rd2 27. Rc1 Kf8 28.
Kf1 Rad7 29. Re2 R2d5 30. g4 h5 31. f3 Rc5 32. Rce1 Rc4 33. Re4 Rxe4 34. Bxe4
Rd2 35. Re2 Rd1+ 36. Kg2 a5 37. Kg3 Rg1+ 38. Kf4 Rh1 39. Rd2 f6 40. Kg3 Rg1+ 41.
Kh2 Ra1 42. a3 b4 43. axb4 axb4 44. cxb4 Ra4 45. g5 Rxb4 46. Rd8+ Kf7 47. g6+
Nxg6 48. fxg6+ Ke7 49. Rg8 Rxb2+ 50. Kg3 f5 51. Bxf5 Kf6 52. Be4 c5 53. Rf8+ Ke5
54. Rf7 c4 55. Rxg7 c3 56. Rc7 c2 57. Rxc2 Rb8 58. Rc7 Kf6 59. g7 Rg8 60. Kf4
Rb8 61. Bh7 Rb4+ 62. Kg3 1-0

[Event "PRO League Group Stage"]
[Site "chess.com INT"]
[Date "2018.02.04"]
[Round "4"]
[White "Klein, David"]
[Black "Sharafiev, Azat"]
[Result "1/2-1/2"]
[WhiteTitle "GM"]
[BlackTitle "IM"]
[WhiteElo "2501"]
[BlackElo "2432"]
[WhiteTeam "Amsterdam Mosquitoes"]
[BlackTeam "Volga Stormbringers"]
[WhiteFideId "1003623"]
[BlackFideId "4186214"]
[EventDate "2018.01.18"]

1. e4 Nc6 2. Nf3 d6 3. d4 Nf6 4. Nc3 g6 5. Be2 Bg7 6. O-O O-O 7. h3 e5 8. Be3
exd4 9. Nxd4 Re8 10. Nxc6 bxc6 11. Bd3 d5 12. exd5 cxd5 13. Bd4 c6 14. Na4 Ne4
15. Bxg7 Kxg7 16. Bxe4 Rxe4 17. Nc5 Rh4 18. Qd2 Qd6 19. Qc3+ f6 20. Rfe1 Rc4 21.
Qe3 Qxc5 22. Qe8 Re4 23. Rxe4 dxe4 24. Re1 Qf8 25. Qxc6 Bf5 26. g4 Qc8 27. Qd6
Qd7 28. Qf4 Be6 29. Rxe4 Rd8 30. g5 fxg5 31. Qxg5 Qd1+ 32. Kg2 Qd5 33. Qe7+ Bf7
34. Qe5+ Kg8 35. Kg3 Qxa2 36. h4 Qd5 37. Qxd5 Rxd5 38. Ra4 Rd2 39. Rxa7 Rxc2 40.
Rb7 h5 41. Rb6 Kg7 42. Rb5 Rc4 43. Rb6 Rg4+ 44. Kh3 Bd5 45. Rd6 Bg2+ 46. Kh2 Bf1
47. Rd1 Rxh4+ 48. Kg3 Rg4+ 49. Kh2 Rg2+ 50. Kh1 Rxf2 51. Kg1 Rf7 52. Rxf1 Rxf1+
53. Kxf1 Kf6 54. Kf2 Ke5 55. Ke3 Kd5 56. Kd3 Kc5 57. Kc3 g5 58. Kd3 Kb4 59. Ke4
Kb3 60. Kf5 Kxb2 61. Kxg5 h4 62. Kxh4 1/2-1/2

[Event "PRO League Group Stage"]
[Site "chess.com INT"]
[Date "2018.02.04"]
[Round "4"]
[White "Tran, Tuan Minh"]
[Black "Gupta, Abhijeet"]
[Result "1-0"]
[WhiteTitle "GM"]
[BlackTitle "GM"]
[WhiteElo "2548"]
[BlackElo "2610"]
[WhiteTeam "London Lions"]
[BlackTeam "Delhi Dynamite"]
[WhiteFideId "12401820"]
[BlackFideId "5010608"]
[EventDate "2018.01.18"]

1. d4 Nf6 2. c4 g6 3. Nc3 d5 4. Bg5 Ne4 5. Bh4 g5 6. Bg3 Bg7 7. cxd5 Nxc3 8.
bxc3 Qxd5 9. e3 c5 10. Be2 cxd4 11. cxd4 Qa5+ 12. Qd2 Nc6 13. Qxa5 Nxa5 14. Nf3
h6 15. h4 gxh4 16. Rxh4 Bf6 17. Rh5 Nc6 18. Rb1 Bg4 19. Rc5 Nd8 20. Bb5+ Kf8 21.
Ne5 Be6 22. Nd7+ Bxd7 23. Bxd7 Kg7 24. a4 b6 25. Rc7 Ne6 26. Bxe6 fxe6 27. Rbc1
Kf7 28. Rb7 Rhc8 29. Rxc8 Rxc8 30. Rxa7 Rc1+ 31. Ke2 Ra1 32. Ra6 Ra2+ 33. Kf3
Ra3 34. Ke4 Ra2 35. Rxb6 Rxa4 36. Rb5 Ra2 37. Kf3 Ra3 38. Kg4 Kg6 39. Bf4 Ra2
40. Kg3 h5 41. Rb6 Kf7 42. Rb5 Kg6 43. Kf3 Ra3 44. Be5 Bg5 45. Rb6 Kf7 46. Rb8
Bh6 47. Rh8 Kg6 48. Rg8+ Kf7 49. Rh8 Kg6 50. Rc8 Ra2 51. Rc6 Kf7 52. d5 Bg5 53.
dxe6+ Kg6 54. Bd4 Bh4 55. g3 Bg5 56. Rc8 Ra3 57. Rg8+ Kf5 58. Rh8 Kg6 59. Rg8+
Kf5 60. Rh8 Kg6 61. Ke4 Ra4 62. Rg8+ Kh6 63. Rh8+ Kg6 64. f4 Bf6 65. f5+ Kg5 66.
Rg8+ Kh6 67. Rg6+ Kh7 68. Rxf6 exf6 69. e7 Ra8 70. Bxf6 Kg8 71. Kf4 Kf7 72. Bh4
Ra5 73. e4 Ra4 74. Bg5 Rb4 75. Bh4 Ra4 76. Ke3 Ra3+ 77. Kd4 Ra4+ 78. Kd5 Ra5+
79. Kd6 Ra6+ 80. Kd7 Ra7+ 81. Kc6 Ra5 82. Kd6 Ra6+ 83. Ke5 Ra5+ 84. Kf4 Ra4 85.
f6 Ra5 86. Bg5 Rb5 87. e5 Ra5 88. e6+ 1-0

[Event "PRO League Group Stage"]
[Site "chess.com INT"]
[Date "2018.02.04"]
[Round "4"]
[White "Rendle, Thomas E"]
[Black "Klimakovs, Sergejs"]
[Result "1-0"]
[WhiteTitle "IM"]
[BlackTitle "FM"]
[WhiteElo "2362"]
[BlackElo "2309"]
[WhiteTeam "London Towers"]
[BlackTeam "Riga Magicians"]
[WhiteFideId "408760"]
[BlackFideId "11602066"]
[EventDate "2018.01.18"]

1. e4 c5 2. Nc3 d6 3. f4 g6 4. Nf3 Bg7 5. Bb5+ Nd7 6. O-O a6 7. Bc4 b5 8. Bd5
Ra7 9. d3 e6 10. Bb3 Ne7 11. Qe1 O-O 12. Qh4 Nc6 13. Qh3 Nd4 14. f5 exf5 15.
exf5 Nxf3+ 16. Qxf3 Ne5 17. Qg3 c4 18. dxc4 bxc4 19. Ba4 Bxf5 20. Be3 Rb7 21.
Rad1 Qc8 22. Nd5 Qe6 23. Bg5 f6 24. Bc1 Rfb8 25. Qa3 Bg4 26. Nf4 Qe7 27. Rxd6
Bf8 28. Rxa6 Qxa3 29. bxa3 Bc5+ 30. Kh1 Kg7 31. Nd5 Rb1 32. Nxf6 Be2 33. Re1 Bf2
34. Ne4 Bxe1 35. Ra7+ Kf8 36. Bh6+ 1-0

[Event "PRO League Group Stage"]
[Site "chess.com INT"]
[Date "2018.02.04"]
[Round "4"]
[White "Connell, Blair N"]
[Black "Manukian, Artak"]
[Result "1/2-1/2"]
[WhiteElo "2234"]
[BlackElo "2196"]
[WhiteTeam "London Towers"]
[BlackTeam "Armenia Eagles"]
[WhiteFideId "403725"]
[BlackFideId "13301373"]
[EventDate "2018.01.18"]

1. e4 c5 2. Nf3 d6 3. Bb5+ Nc6 4. O-O Bd7 5. Re1 Nf6 6. h3 e6 7. c3 d5 8. exd5
Nxd5 9. d4 cxd4 10. Nxd4 Nxd4 11. Bxd7+ Qxd7 12. Qxd4 Nf6 13. Qxd7+ Nxd7 14. Nd2
Nc5 15. Ne4 O-O-O 16. Ng5 Rd7 17. Be3 h6 18. Bxc5 Bxc5 19. Ne4 Be7 20. Kf1 Rhd8
21. Re2 Kc7 22. Ke1 Kc6 23. Rd2 f5 24. Rxd7 Rxd7 25. Nd2 e5 26. Nc4 Bf6 27. Rd1
Rxd1+ 28. Kxd1 h5 29. Ke2 g6 30. f3 b5 31. Ne3 Bg5 32. Kd3 a5 33. g4 Bxe3 34.
Kxe3 a4 35. b3 h4 36. gxf5 gxf5 37. Kd3 Kc5 38. Ke3 Kd5 39. Kd3 Kd6 40. Ke3 Ke6
41. Kd3 Kd5 42. Ke3 Kc5 43. Kd3 Kd6 44. Ke3 a3 45. Kd3 Kc5 46. Ke3 Kd5 47. Kd3
Kc5 48. Ke3 Kd5 49. Kd3 Kc5 50. Ke3 Kd5 51. Kd3 Kc5 52. Ke3 Kd5 1/2-1/2

[Event "PRO League Group Stage"]
[Site "chess.com INT"]
[Date "2018.02.04"]
[Round "4"]
[White "Connell, Blair N"]
[Black "Sadhwani, Raunak"]
[Result "0-1"]
[BlackTitle "FM"]
[WhiteElo "2234"]
[BlackElo "2321"]
[WhiteTeam "London Towers"]
[BlackTeam "Mumbai Movers"]
[WhiteFideId "403725"]
[BlackFideId "35093487"]
[EventDate "2018.01.18"]

1. e4 c6 2. d4 d5 3. exd5 cxd5 4. c4 Nf6 5. Nc3 Nc6 6. Nf3 Bg4 7. cxd5 Nxd5 8.
Qb3 Bxf3 9. gxf3 e6 10. Qxb7 Nxd4 11. Bb5+ Nxb5 12. Qc6+ Ke7 13. Qc5+ Qd6 14.
Qxb5 Rd8 15. Nxd5+ Qxd5 16. Qb4+ Kf6 17. Qf4+ Qf5 18. Rg1 Qxf4 19. Bxf4 h6 20.
Ke2 Bc5 21. Be3 Rd5 22. Rac1 Bb6 23. Rgd1 Rh5 24. Bxb6 axb6 25. Rd7 Re5+ 26. Kf1
Rf5 27. Rcc7 Kg6 28. Kg2 Ra8 29. a3 Ra4 30. Rb7 b5 31. Rd3 Rg5+ 32. Kf1 Rh4 33.
Rb3 Rxh2 34. R7xb5 Rgg2 35. R5b4 Rxf2+ 36. Kg1 Rfg2+ 37. Kf1 Rc2 38. Kg1 h5 39.
Re4 Rxb2 40. Rxb2 Rxb2 41. a4 Ra2 42. Rb4 f6 43. Rc4 e5 44. Rb4 Kg5 45. Rc4 g6
46. Rb4 h4 47. Rg4+ Kh5 48. Rb4 f5 49. Rc4 Kg5 50. Rb4 h3 51. Rc4 Ra3 52. Kf2 h2
53. Kg2 Rxf3 54. Kxh2 Ra3 55. Kg2 e4 0-1

[Event "PRO League Group Stage"]
[Site "chess.com INT"]
[Date "2018.02.04"]
[Round "4"]
[White "Ghosh, Diptayan"]
[Black "Olafsson, Helgi"]
[Result "1-0"]
[WhiteTitle "GM"]
[BlackTitle "GM"]
[WhiteElo "2556"]
[BlackElo "2508"]
[WhiteTeam "Mumbai Movers"]
[BlackTeam "Reykjavik Puffins"]
[WhiteFideId "5045207"]
[BlackFideId "2300010"]
[EventDate "2018.01.18"]

1. d4 Nf6 2. c4 e6 3. Nf3 b6 4. a3 Bb7 5. Nc3 d5 6. cxd5 Nxd5 7. Qc2 Be7 8. e4
Nxc3 9. bxc3 O-O 10. Bd3 c5 11. O-O Qc8 12. Qe2 Ba6 13. Rd1 Re8 14. e5 Bxd3 15.
Rxd3 Nd7 16. Bg5 Nf8 17. h4 cxd4 18. cxd4 Qc4 19. Nd2 Qc2 20. Qe3 Ng6 21. g3 h6
22. Bxe7 Nxe7 23. Ne4 Nf5 24. Qf3 Rad8 25. Rad1 Rd7 26. d5 Rxd5 27. Rxd5 exd5
28. Rxd5 Qc4 29. Nd6 Nxd6 30. exd6 Rd8 31. d7 Qc6 32. Qe4 b5 33. Qe7 Qf6 34.
Qe8+ Kh7 35. Rxb5 1-0

[Event "PRO League Group Stage"]
[Site "chess.com INT"]
[Date "2018.02.04"]
[Round "4"]
[White "Moussard, Jules"]
[Black "Kanep, Siim"]
[Result "1/2-1/2"]
[WhiteTitle "GM"]
[WhiteElo "2571"]
[BlackElo "2180"]
[WhiteTeam "Marseille Migraines"]
[BlackTeam "Estonia Horses"]
[WhiteFideId "642908"]
[BlackFideId "4501691"]
[EventDate "2018.01.18"]

1. c4 e5 2. Nc3 Nf6 3. g3 d5 4. cxd5 Nxd5 5. Bg2 Nb6 6. e3 Nc6 7. Nge2 Be7 8.
O-O O-O 9. f4 exf4 10. Nxf4 Ne5 11. d4 Ng6 12. e4 Nxf4 13. Bxf4 Bg5 14. d5 Bxf4
15. gxf4 c6 16. dxc6 bxc6 17. Qxd8 Rxd8 18. e5 Ba6 19. Rfd1 Nc4 20. Bxc6 Nxb2
21. Bxa8 Nxd1 22. Rxd1 Rxa8 23. Kf2 Bc4 24. Rd7 a5 25. a3 h5 26. f5 Re8 27. Ke3
Bb3 28. Rb7 a4 29. Rb5 Rc8 30. Ne4 Rc1 31. h4 Re1+ 32. Kf4 Rf1+ 33. Kg5 Rg1+ 34.
Kf4 Rf1+ 35. Kg5 Rg1+ 36. Kf4 Rf1+ 1/2-1/2

[Event "PRO League Group Stage"]
[Site "chess.com INT"]
[Date "2018.02.04"]
[Round "4"]
[White "Sharafiev, Azat"]
[Black "Degraeve, Jean-Marc"]
[Result "1-0"]
[WhiteTitle "IM"]
[BlackTitle "GM"]
[WhiteElo "2432"]
[BlackElo "2570"]
[WhiteTeam "Volga Stormbringers"]
[BlackTeam "Marseille Migraines"]
[WhiteFideId "4186214"]
[BlackFideId "600270"]
[EventDate "2018.01.18"]

1. Nf3 g6 2. d4 Bg7 3. e4 d6 4. Bc4 Nf6 5. Qe2 O-O 6. O-O c6 7. Bb3 Bg4 8. Nbd2
e5 9. dxe5 dxe5 10. h3 Bxf3 11. Nxf3 Nbd7 12. Bd2 a5 13. c3 a4 14. Bc2 Qe7 15.
Rad1 Nh5 16. g3 Qe6 17. a3 h6 18. Kg2 Nc5 19. Be3 Nb3 20. Nd2 Nxd2 21. Rxd2 Rfe8
22. Qd1 Nf6 23. f3 Qc4 24. Rd6 Re6 25. Rxe6 fxe6 26. Qd2 Kh7 27. Rd1 b5 28. Rb1
Qa2 29. Qd6 Qc4 30. Bd3 Qa2 31. Qxc6 Rd8 32. Qxb5 Ne8 33. Qc4 Qxc4 34. Bxc4 h5
35. Bxe6 Bh6 36. Kf2 Nc7 37. Bc4 Kg7 38. Bxh6+ Kxh6 39. Ke2 Rb8 40. h4 g5 41. b4
axb3 42. Rxb3 Rxb3 43. Bxb3 gxh4 44. gxh4 Kg6 45. a4 Kf6 46. Ke3 Ke7 47. f4 Kf6
48. Bc4 Ne8 49. a5 Nd6 50. Bd3 Nc8 51. a6 Na7 52. f5 Nc6 53. Be2 1-0

[Event "PRO League Group Stage"]
[Site "chess.com INT"]
[Date "2018.02.04"]
[Round "4"]
[White "Sharafiev, Azat"]
[Black "Alekseenko, Kirill"]
[Result "1-0"]
[WhiteTitle "IM"]
[BlackTitle "GM"]
[WhiteElo "2432"]
[BlackElo "2594"]
[WhiteTeam "Volga Stormbringers"]
[BlackTeam "Stockholm Snowballs"]
[WhiteFideId "4186214"]
[BlackFideId "4135539"]
[EventDate "2018.01.18"]

1. Nf3 d5 2. g3 Nc6 3. d4 Bg4 4. Bg2 Qd7 5. h3 Bh5 6. O-O O-O-O 7. Nbd2 f6 8. c4
dxc4 9. Nxc4 Kb8 10. Qb3 Bf7 11. Bd2 Bd5 12. Rac1 e6 13. e4 Bxc4 14. Qxc4 Nge7
15. b4 Nc8 16. b5 N6e7 17. a4 Ng6 18. Qc2 Bd6 19. a5 e5 20. a6 b6 21. Qb3 Nce7
22. Rfd1 h5 23. dxe5 fxe5 24. Bg5 Rhf8 25. Bxe7 Qxe7 26. Qd5 c5 27. Ng5 Rf6 28.
Nh7 Rf7 29. Ng5 Rf6 30. f4 Qd7 31. f5 Ne7 32. Qc4 g6 33. Nf7 g5 34. Nxd8 Qxd8
35. Rd3 Kc7 36. Rcd1 Qf8 37. Qc1 Qg8 38. Qd2 Nc8 39. Rd5 h4 40. g4 Kb8 41. Bf1
Qg7 42. Bc4 Rh6 43. Rd3 Bc7 44. Rd7 Qf8 45. Rxc7 Rd6 46. Rxc8+ Kxc8 47. Qxd6 1-0

[Event "PRO League Group Stage"]
[Site "chess.com INT"]
[Date "2018.02.04"]
[Round "4"]
[White "Moussard, Jules"]
[Black "Haldorsen, Benjamin"]
[Result "1-0"]
[WhiteTitle "GM"]
[BlackTitle "FM"]
[WhiteElo "2571"]
[BlackElo "2405"]
[WhiteTeam "Marseille Migraines"]
[BlackTeam "Oslo Trolls"]
[WhiteFideId "642908"]
[BlackFideId "1512633"]
[EventDate "2018.01.18"]

1. Nf3 Nf6 2. b3 g6 3. Bb2 Bg7 4. g3 O-O 5. Bg2 d6 6. d4 Nbd7 7. O-O c6 8. Nbd2
Qc7 9. e4 e5 10. dxe5 Nxe5 11. Nxe5 dxe5 12. a4 Be6 13. Qe2 Rfd8 14. Nc4 Ne8 15.
Rfd1 Rxd1+ 16. Rxd1 Rd8 17. Rxd8 Qxd8 18. Nxe5 Qd6 19. Nd3 Bxb2 20. Nxb2 Qd4 21.
Nd3 Nd6 22. h3 h5 23. Nf4 Bc8 24. Qd3 Qa1+ 25. Kh2 Qe5 26. h4 Kg7 27. Qe3 b6 28.
Nd3 Qe7 29. Nb4 c5 30. Nc6 Qc7 31. Qc3+ Kg8 32. Qf6 Ne8 33. Ne7+ Kf8 34. Nxg6+
Kg8 35. Qh8# 1-0

[Event "PRO League Group Stage"]
[Site "chess.com INT"]
[Date "2018.02.04"]
[Round "4"]
[White "Spoelman, Wouter"]
[Black "Holm, Kristian Stuvik"]
[Result "1-0"]
[WhiteTitle "GM"]
[BlackTitle "IM"]
[WhiteElo "2578"]
[BlackElo "2436"]
[WhiteTeam "Amsterdam Mosquitoes"]
[BlackTeam "Oslo Trolls"]
[WhiteFideId "1010891"]
[BlackFideId "1508083"]
[EventDate "2018.01.18"]

1. c4 e6 2. Nc3 d5 3. e3 Nf6 4. Nf3 Be7 5. d4 O-O 6. b3 c5 7. Bd3 dxc4 8. bxc4
cxd4 9. exd4 b6 10. O-O Bb7 11. Be3 Nc6 12. Qe2 Rc8 13. Rad1 Nb4 14. Ne5 Nxd3
15. Qxd3 Ba6 16. Nb5 Bxb5 17. cxb5 Nd5 18. Rc1 Bd6 19. Nc6 Qd7 20. Rc4 a6 21. a4
axb5 22. axb5 Ra8 23. Rc2 Ra3 24. Qe2 Rfa8 25. g3 h6 26. Kg2 Rb3 27. Rfc1 Qb7
28. Bd2 Rba3 29. Qe4 Nf6 30. Ne7+ Qxe7 31. Rc8+ Rxc8 32. Rxc8+ Ne8 33. Qc6 Kh7
34. Rxe8 Qf6 35. Be3 Bb4 36. Qc2+ g6 37. Qb2 Bc5 38. Qc1 Bb4 39. Rb8 Ba5 40. Qc8
Qg7 41. Bf4 g5 42. Be5 f6 43. Bxf6 Qxf6 44. Qg8# 1-0